Historiadores de sucesos particulares
Salvato in:
| Autore principale: | |
|---|---|
| Natura: | Libro |
| Lingua: | spagnolo |
| Pubblicazione: |
Madrid
Atlas
1946
|
| Serie: | Biblioteca de Autores Españoles, 21-28
|
| Soggetti: | |
| Tags: |
Aggiungi Tag
Nessun Tag, puoi essere il primo ad aggiungerne!!
|
MARC
| LEADER | 00000nam a2200000 a 4500 | ||
|---|---|---|---|
| 001 | UCX5547 | ||
| 003 | CL-VaPUC | ||
| 008 | 921125e19460000SP |||||||||||||||||spa|d | ||
| 082 | 0 | 4 | |a 946 |b ROS |2 21 |
| 100 | 0 | |a Rosell, Cayetano |e author |9 321834 | |
| 245 | 1 | 0 | |a Historiadores de sucesos particulares |
| 300 | |a 2 v | ||
| 942 | |c BK | ||
| 945 | |d 19921125 00:00:00 | ||
| 260 | |a Madrid |b Atlas |c 1946 | ||
| 650 | 0 | |a Historia |9 255047 | |
| 651 | 0 | |a España |9 254926 | |
| 583 | |a last modification |c 19921125 00:00:00 |k Rodrigo Vera | ||
| 490 | 0 | |a Biblioteca de Autores Españoles, 21-28 | |
| 999 | |c 225764 |d 225762 | ||
| 952 | |0 0 |1 0 |4 0 |6 946_000000000000000_ROS_1946 |7 0 |8 A |9 223560 |a FDOPOS |b FDOPOS |d 2019-11-15 |h v.1 |i 2923955 |o 946 ROS 1946 |p 2923955 |r 2025-01-22 |w 2019-11-15 |y BK |k MLH | ||
| 952 | |0 0 |1 0 |4 0 |6 946_000000000000000_ROS_1946 |7 0 |8 A |9 223561 |a FDOPOS |b FDOPOS |d 2019-11-15 |h v.2 |i 2923963 |o 946 ROS 1946 |p 2923963 |r 2025-01-22 |w 2019-11-15 |y BK |k MLH | ||